000 00482nam a22001937a 4500
003 LK-CoMWRAF
005 20231230141040.0
008 231117b |||||||| |||| 00| 0 eng d
020 _a9789830053240
040 _aLK-CoMWRAF
_dLK-CoMWRAF
_eLK-CoMWRAF
041 _aeng
082 _a823
_bLEE
100 _aLee, Lorraine
245 _aLizard for sale
260 _aMalaysia :
_bPenerbitan pelangi,
_c1997
650 _aChildren books
700 _aFoo, Roy
_eills.
942 _cBK
999 _c4104
_d4104